| 000 | 01051nam a22002897a 4500 | ||
|---|---|---|---|
| 001 | 9350 | ||
| 003 | FISKH | ||
| 005 | 20251211143338.0 | ||
| 008 | 251211b cb ||||| |||| 00| 0 eng d | ||
| 020 | _a9781433335778 | ||
| 040 |
_aFISKH _beng _cFISKH _dFISKH |
||
| 050 | _aQK49.R53 | ||
| 082 | _a571.8 | ||
| 100 |
_aRice, Dona Herweck _eAuthor |
||
| 245 |
_aHow plants grow / _cDona Herweck Rice |
||
| 260 |
_aHuntington Beach : _bTeacher Created Materials, Inc. , _c2012 |
||
| 300 |
_a12 pages : _bphotographs ; _c20 cm |
||
| 490 | _aTime for Kids | ||
| 505 | _aE | ||
| 520 | _aBeginning readers explore the steps to make plants grow! Readers will learn about various parts of the plant including seeds, roots and leaves in this engaging nonfiction title. Featuring vivid, clear photos and simple, informational text, even the most reluctant reader will be captivated!. | ||
| 521 | 8 |
_a210
_bLexile |
|
| 521 | 8 |
_aE
_bRaz-Plus |
|
| 650 |
_aEducational _vNon-fiction |
||
| 650 |
_aFarm _vFamily |
||
| 942 |
_2ddc _cBK _n0 |
||
| 999 |
_c9350 _d9350 |
||